Potential financing mechanism for greening Indian urban local bodies (Record no. 523904)

000 -LEADER
fixed length control field 01297nam a22001577a 4500
008 - FIXED-LENGTH DATA ELEMENTS--GENERAL INFORMATION
fixed length control field 231013b ||||| |||| 00| 0 eng d
100 ## - MAIN ENTRY--PERSONAL NAME
Personal name Srivastava , Shantanu and Trivedi, Saurabh
245 ## - TITLE STATEMENT
Title Potential financing mechanism for greening Indian urban local bodies
260 ## - PUBLICATION, DISTRIBUTION, ETC. (IMPRINT)
Place of publication, distribution, etc Nagarlok: Quarterly Journal of Urban Affairs
300 ## - PHYSICAL DESCRIPTION
Extent 55(2), Jun, 2023: p.62-68
520 ## - SUMMARY, ETC.
Summary, etc This article discusses the challenges Urban Local Bodies (ULBs) in India face in financing climate mitigation and adaptation projects, despite their critical role in addressing climate change. To address these challenges, the article presents potential financing mechanisms for Indian ULBs to finance their low-carbon infrastructure needs. These mechanisms include municipal green bonds, aggregation models, risk mitigation facilities and carbon credit trading. The article provides examples of such mechanisms used by ULBs in India or abroad and addresses existing policy gaps and capacity issues to ensure the effective use of these mechanisms by Indian ULBs.- Reproduced
650 ## - SUBJECT ADDED ENTRY--TOPICAL TERM
Topical term or geographic name as entry element Municipal green bonds, Low-carbon infrastructure, Climate finance, Carbon credits, ULB finances.
9 (RLIN) 40998
773 ## - HOST ITEM ENTRY
Main entry heading Nagarlok: Quarterly Journal of Urban Affairs
906 ## - LOCAL DATA ELEMENT F, LDF (RLIN)
Subject DIP URBAN DEVELOPMENT
942 ## - ADDED ENTRY ELEMENTS (KOHA)
Item type Articles
Holdings
Withdrawn status Lost status Source of classification or shelving scheme Damaged status Not for loan Permanent location Current location Date acquired Serial Enumeration / chronology Barcode Date last seen Koha item type
          Indian Institute of Public Administration Indian Institute of Public Administration 2023-10-13 55(2), Jun, 2023: p.62-68 AR129787 2023-10-13 Articles

Powered by Koha